Elvis Presley If I Can Dream lyrics quiz - Statistics

General Stats
  • This quiz has been taken 318 times
  • The average score is 154 of 195
Answer Stats
lyric % Correct
I
99%
can
95%
dream
95%
a
94%
the
94%
If
93%
in
93%
be
92%
Where
91%
my
90%
There
90%
there
90%
of
89%
walk
89%
why
89%
me
88%
oh
88%
Oh
88%
come
87%
Come
87%
to
87%
all
86%
and
86%
better
86%
hand
86%
must
86%
Tell
86%
true
86%
somewhere
84%
brothers
83%
fly
83%
land
83%
can’t
81%
sky
81%
flying
79%
higher
79%
birds
78%
blue
78%
burning
78%
Got
78%
that
78%
brighter
77%
peace
77%
understanding
77%
sun
76%
with
75%
lights
74%
won’t
74%
He
73%
We’re
73%
world
73%
cloud
72%
more
72%
on
72%
pain
72%
warmer
72%
much
71%
sometime
71%
appear
70%
everyone
70%
rain
70%
shining
70%
there’s
70%
too
70%
man
69%
talk
68%
Deep
67%
lost
67%
question
67%
Has
66%
heart
66%
soul
66%
as
65%
his
65%
hope
65%
let
65%
Let
65%
will
65%
answer
64%
But
64%
keeps
64%
redeem
64%
stand
64%
That’s
64%
trapped
64%
long
63%
trembling
63%
while
63%
While
63%
away
62%
candle
62%
fear
62%
please
62%
sure
62%
am
61%
Strong
61%
dark
60%
gonna
60%
now
60%
Right
60%
right
60%
troubled
60%
blow
59%
promise
59%
strength
59%
somehow
58%
winds
58%
doubt
57%
Out
57%
Still
56%
yeah
55%
it
53%
think
44%
beckoning
42%
answer’s
41%
No matching quizzes found
Score Distribution
Percent of People with Each Score
Percentile by Number Answered
Your Score History
You have not taken this quiz